Cơ sở thiết kế đồ gá /
Chương II : Định vị và các cơ cấu định vị
Bewaard in:
| Hoofdauteur: | |
|---|---|
| Formaat: | Boek |
| Taal: | Vietnamese |
| Gepubliceerd in: |
H. :
Đại Học Bách Khoa Hà Nội ,
1986
|
| Editie: | In lần thứ 1 |
| Onderwerpen: | |
| Tags: |
Voeg label toe
Geen labels, Wees de eerste die dit record labelt!
|
| Thư viện lưu trữ: | Thư viện Trường CĐ Kỹ Thuật Cao Thắng |
|---|
| LEADER | 01459nam a2200301 a 4500 | ||
|---|---|---|---|
| 001 | TVCDKTCT6843 | ||
| 003 | Thư viện trường Cao đẳng Kỹ thuật Cao Thắng | ||
| 005 | 20221025150902.000 | ||
| 008 | 070509 | ||
| 980 | \ | \ | |a Thư viện Trường CĐ Kỹ Thuật Cao Thắng |
| 024 | |a RG_1 #1 eb0 i9 | ||
| 041 | 0 | # | |a vie |
| 082 | # | # | |a 621.8 / |b C460S-p |
| 100 | 1 | # | |a Phạm Chuyên |
| 245 | 0 | 0 | |a Cơ sở thiết kế đồ gá / |c Phạm Chuyên |
| 250 | # | # | |a In lần thứ 1 |
| 260 | # | # | |a H. : |b Đại Học Bách Khoa Hà Nội , |c 1986 |
| 300 | # | # | |a 105tr. ; |c 30cm |
| 520 | # | # | |a Chương II : Định vị và các cơ cấu định vị |
| 520 | # | # | |a Chương III : Kẹp chặt và cơ cấu kẹp |
| 520 | # | # | |a Chương IV : Phương pháp thiết kế đồ gá chuyên dùng |
| 520 | # | # | |a Cuốn sách nói về cơ sở thiết kế đồ gá, nói về khái niệm, các phương pháp trang bị cho sản xuất, phân loại đồ gá ... |
| 520 | # | # | |a Gồm 5 chương : Chương I khái niệm chung. Trình bày các khái niệm về các trang bị công nghệ, khái niệm, tác dụng, phân loại đồ gá |
| 650 | # | 4 | |a Đồ gá |
| 653 | # | # | |a Jigs and Fixtures |
| 653 | # | 4 | |a Mechanical Engineering Technology |
| 721 | # | # | |a 03. CNKT Cơ khí |
| 841 | # | # | |b Kho Đĩa |j 101000112, 101000122 |